000 01029nam0a22002651 4500
001 rc\810214
005 20041129091110.0
035 _a(NLR Aleph) 005993662
090 _a7154455
_c7154455
100 _a20041129d1984 u |0rusy50 ca
101 0 _arus
102 _aRU
105 _aa |||||||||
200 1 _aЗащита откосов мелиоративных каналов и дамб от водной и ветровой эрозии
_fВ.А. Скотников, В.Н. Кондратьев, Ф.Г. Халявкин
210 _aМинск
_cУраджай
_d1984
215 _a160 с.
_cил.
_d20
320 _aБиблиогр.: с. 158-159 (27 назв.)
700 1 _aСкотников
_bВ. А.
_gВалерий Александрович
701 1 _aКондратьев
_bВ. Н.
_gВиктор Николаевич
701 1 _aХалявкин
_bФ. Г.
_gФедор Григорьевич
801 0 _aRU
_bNLR
_gpsbo
801 1 _aRU
_bELAR
_2rusmarc
852 _aNLR
_j84-3/6507
942 _cBOOK
980 _aNB